000 00401 a2200157 4500
001 189175
020 _a85-7666-325-2
040 _cMagnum
100 _aSacconi, Luiz Antonio
240 1 0 _aNossa gramática contemporânea
_lpor
245 1 0 _aNossa gramática contemporânea
300 _a432
440 1 _aEscala Educacional
697 _aLÍNGUA, TEORIA DA LITERATURA E GRAMÁTICA
942 _cBK
999 _c189175
_d189175